000 00622nam a2200217 i 4500
001 60535
003 ES-MaACL
005 20250822063126.0
007 t|
008 031105s1972 sp ||||1| cat d
100 1 _aEspinàs, Josep M.,
_d1927-
_947850
245 1 0 _aViatge a la Segarra /
_cJosep M. Espinàs.
250 _a[1ª ed.].
260 _a[Barcelona] :
_bDopesa,
_c[1972]
300 _a190 p. ;
_c20 cm.
490 1 _aPinya de Rosa ;
_v5
651 4 _aSegarra-
_xDescripción.
_9165043
830 0 _aPinya de Rosa ;
_v5
_9182086
852 _aES-MaACL
_jC-48085
_bR.81714
999 _c60535
_d60535